|
|
|
|
| LEADER |
00899nam a22002532a 4500 |
| 001 |
000296606 |
| 003 |
CZ BrMZK |
| 005 |
20111104141345.0 |
| 007 |
ta |
| 008 |
980105s1979 gw f |||||||||||ger d |
| 040 |
|
|
|a BOA001
|b cze
|
| 080 |
9 |
|
|a 281.1
|
| 080 |
9 |
|
|a 933.15
|
| 080 |
9 |
|
|a 937"-01/04"
|
| 245 |
0 |
0 |
|a Umwelt des Urchristentums.
|n 1,
|p Darstellung des neutestamentlichen Zeitalters /
|c in Verbindung mit Günther Hansen ; herausgegeben von Johannes Leitpoldt und Walter Grundmann
|
| 246 |
3 |
0 |
|a Darstellung des neutestamentlichen Zeitalters
|
| 250 |
|
|
|a 5., erg. Aufl.
|
| 260 |
|
|
|a Berlin :
|b Evangelische Verlagsanstalt,
|c 1979
|
| 300 |
|
|
|a 568 s.
|
| 700 |
1 |
|
|a Hansen, Günther Christian,
|d 1929-2013
|7 jcu2010588072
|4 edt
|
| 910 |
|
|
|a BOA001
|b 2-0813.417,1
|
| 990 |
|
|
|a BK
|
| 991 |
|
|
|b 201107
|
| 996 |
7 |
|
|b 2619861674
|c 2-0813.417,1
|l MZK
|r Sklad / do 1 hodiny
|n 2
|w 000296606
|u 000010
|a 1
|e BOA001
|j MZK50
|s A
|